000 00311nam a22001337a 4500
008 170612b xxu||||| |||| 00| 0 eng d
020 _a0256030340
041 _aeng
080 _23 ED
_a324
100 _a19
101 _aSHP
245 _aPRESIDENTIAL AND AMERICA POLITICS
_cASHER.H..B
942 _2udc
_cBK
999 _c16953
_d16953